| Tag |
First Indicator |
Second Indicator |
Subfields |
| LEADER |
00000cam a2200000 a 4500 |
| 001 |
in00001347310 |
| 005 |
20151006072259.0 |
| 007 |
hd afu---baca |
| 008 |
860415s1862 pau a 000 0 eng d |
| 035 |
|
|
|a (OCoLC)13432430
|
| 035 |
|
|
|9 AHH5120AM
|
| 040 |
|
|
|a POG
|c POG
|d UtOrBLW
|
| 049 |
|
|
|a TXAI
|
| 090 |
|
|
|a PS586
|b .A450 pt. 3, no. 558
|
| 099 |
|
|
|a film
|a B
|a 3870
|a Segment III, no. 558)
|
| 100 |
1 |
|
|a Campbell, Juliet H. L.
|q (Juliet Hamersley Lewis),
|d 1823-1898.
|
| 245 |
1 |
0 |
|a Legend of the infancy of our Saviour :
|b a Christmas carol /
|c by Juliet H.L. Campbell.
|
| 264 |
|
1 |
|a Philadelphia :
|b J.B. Lippincott,
|c 1862.
|
| 300 |
|
|
|a 36 pages ;
|c 18 cm.
|
| 336 |
|
|
|a text
|b txt
|2 rdacontent
|
| 337 |
|
|
|a microform
|b h
|2 rdamedia
|
| 338 |
|
|
|a microfilm reel
|b hd
|2 rdacarrier
|
| 533 |
|
|
|a Microfilm.
|b Woodbridge, Conn. :
|c Research Publications,
|d 1977.
|e 1 microfilm reel ; 35 mm.
|f (American Poetry, 1609-1900 ; Segment III, no. 558)
|
| 539 |
|
|
|a s
|b 1977
|d ctu
|e n
|
| 500 |
|
|
|a Microform.
|
| 600 |
0 |
0 |
|a Jesus Christ
|v Poetry.
|
| 999 |
|
|
|a MARS
|
| 999 |
f |
f |
|s b54cfead-adc0-3c09-b704-e9e4477bac86
|i d6bce665-399f-3278-bd9c-fcdbd7e1d45d
|t 0
|
| 952 |
f |
f |
|p default
|a Texas A&M University
|b College Station
|c Sterling C. Evans Library
|d Evans: Microforms (3rd floor)
|t 0
|e film B 3870 Segment III, no. 558
|h Other scheme
|i microform -- microfilm reel
|
| 998 |
f |
f |
|a film B 3870 Segment III, no. 558
|t 0
|l Evans: Microforms (3rd floor)
|